Guitar Types and Body Shapes - Statistics

General Stats
  • This quiz has been taken 244 times
  • The average score is 8 of 11
Answer Stats
Picture Answer % Correct
Stratocaster
99%
Les Paul
98%
Telecaster
96%
SG
89%
Banjo
82%
Explorer
69%
Acoustic
62%
Mustang
58%
Mandolin
47%
Hollow Body
34%
Resonator
26%
No matching quizzes found
Score Distribution
Percent of People with Each Score
Percentile by Number Answered
Your Score History
You have not taken this quiz